000 00535nam a2200181Ia 4500
008 100920s9999 xx 000 0 und d
082 _b45229
_a24 थ 81
100 _aकेळकर मृणरलिनी.
245 _aचक्रवाक.
260 _bनेत्रा प्रकाशन ,नागपूर.
_c1981
300 _a88
_bसाधी
365 _b10
520 _aसायो.
630 _aचक्रवाक.
650 _aसायो.
730 _aचक्रवाक.
942 _cBOOK
999 _c693596
_d693593